|
|
|
|
| LEADER |
00705nab a2200169 i 4500 |
| 001 |
univ46232 |
| 005 |
20180323112441.0 |
| 008 |
171214s2016 hu o 0|| zxx d |
| 040 |
|
|
|a SZTE UnivHistória Repozitórium
|b hun
|
| 041 |
|
|
|a zxx
|
| 100 |
1 |
|
|a Tóth Marcell
|
| 245 |
1 |
2 |
|a A jövő zenészei gyűjtenek plüssállatokat a bohócdoktoroknak
|h [elektronikus dokumentum] /
|c Tóth Marcell
|
| 260 |
|
|
|c 2016-11-23
|
| 490 |
0 |
|
|a SzegedMa.hu
|
| 561 |
|
|
|a Egyetemi hirarchívum
|
| 695 |
|
|
|a Zeneművészeti Kar, Jótékonysági akció, Egyetemi hallgató, Baracskai Judit, Egyetemi hallgató, Binder Norbert
|
| 856 |
4 |
0 |
|u http://univ.bibl.u-szeged.hu/46232/1/szegedma_2016_11_23_a%20jovo_zeneszei.pdf
|z Dokumentum-elérés
|